01808nam a22002537a 4500999001500000003000900015005001700024008004100041040002800082090002500110100004300135245028300178260003600461300003000497502016300527504005300690505044900743700005301192700003001245700004001275830010301315942001001418952012601428 c5997d5997DO-SdBJH20210309145317.0210309b ||||| |||| 00| 0 spa d aDO-SdBJHbspacDO-SdBJH aTG EGAEEb01407 20181 aD Oleo Guerrero, Yannina esustentante10aLos hoteles, las termoeléctricas y las zonas francas y su impacto a los niveles de contaminación ambiental en República Dominicana, período 2010-2016 / c Yannina D Oleo Guerrero, Bismarck José Hernández D Oleo, asesores Francisco Acosta, Judit S. De León Santana aSanto Domingo :bINSUDE, c2018 aiv, 90 páginas, cuadros aTesis (Maestría en Defensa y Seguridad Nacional). -- Instituto Superior para la Defensa (INSUDE). Escuela de Graduados en Altos Estudios Estratégico, 2018 aIncluye referencias bibliográficas e índices aConformación de la estructura productiva de la República Dominicana. -- Análisis de los problemas medio ambientales. -- Políticas, estrategias y reglamentaciones aplicables a los hoteles, zonas francas y termoeléctricas para minimizar su impacto en los niveles de contaminación ambiental. -- Medidas tomadas por los hoteles, las zonas francas y las generadoras termoeléctricas para prevenir y mitigar los daños al medio ambiente1 aHernández D Oleo, Bismarck Joséesustentante1 aAcosta, Franciscoeasesor1 aDe León Santana, Judit S.easesor aINSUDE. Escuela de Graduados en Altos Estudios Estratégico. Tesis y disertaciones académicas 2CLcT 00102CL40718TGaBJHAbBJHAd2021-03-09i01407l0oTG EGAEE 01407 2018p01407r2021-03-09 00:00:00te.1w2021-03-09yT